Представление документа в формате MARC21

Поле Инд. ПП Название Значение
Тип записи a
Библиографический уровень b
001 Контрольный номер RU/IS/BASE/290081512
005 Дата корректировки 20200630193232.4
008 Кодируемые данные 20090311
040 b Код языка каталог. rus
e Правила каталог. PSBO
041 0_ a Код языка текста rus
084 a Индекс другой классификации/Индекс ББК 83.2г(2)6
100 1_ a Автор Сорокина В. В.
245 10 a Заглавие Литературная критика русского Берлина 1920-х годов о западноевропейской классике
504 a Библиография Библиогр. - Примеч.: с. 130
600 14 a Персоналии Айхенвальд Юлий Исаевич
a Персоналии Офросимов Юрий Викторович
650 04 a Основная рубрика литературная критика
a Основная рубрика литературоведение
a Основная рубрика филологические науки
653 0_ a Ключевые слова XX век
a Ключевые слова Великобритания
a Ключевые слова Германия
a Ключевые слова драматургия
a Ключевые слова Европа
a Ключевые слова история литературной критики
a Ключевые слова поэзия
a Ключевые слова Русское Зарубежье
a Ключевые слова символизм
a Ключевые слова Франция
773 08 t Заглавие источника Вестник Московского университета. Серия 9, Филология
d Дата издания источника 2008
g Прочая информация № 5. - С. 118 - 130
w Контрольный № источника RU/IS/BASE/288361571
901 t Тип документа b